[Event "POLFINAL MISTRZOSTW POLSKI JUNIOROW 2017 - C15"]
[Site "Jastrzebia Gora"]
[Date "2017-11-19"]
[Round "4.6"]
[White "Piekielny, Pawel"]
[Black "Maciejewski, Kamil"]
[Result "1-0"]
[WhiteTitle "I"]
[BlackTitle "I"]
[WhiteElo "1805"]
[BlackElo "1778"]

1. e4 e6 2. d4 d5 3. Nd2 Nf6 4. e5 Nfd7 5. Bd3 b6 6. Ne2 Ba6 7. Bxa6 Nxa6 8. O-O
Be7 9. c4 dxc4 10. Nxc4 O-O 11. f4 g6 12. a3 Qc8 13. Nc3 Rd8 14. Qf3 Rb8 15. f5
Qb7 16. fxg6 Qxf3 17. gxh7+ Kxh7 18. Rxf3 f5 19. Rh3+ Kg7 20. Rg3+ Kf7 21. Bg5
Rg8 22. Bxe7 Rxg3 23. hxg3 Kxe7 24. Nb5 Ra8 25. Rd1 c6 26. Nbd6 Nc7 27. Kf2 Rh8
28. b4 Nd5 29. Rc1 Nb8 30. Nb2 Kd7 31. Nd3 Rh7 32. Nf4 Nxf4 33. gxf4 Rh8 34. Rc3
Rh4 35. Rh3 Rxf4+ 36. Ke3 Rg4 37. Rh7+ Kd8 38. Rh8+ Kc7 39. Rc8+ Kd7 40. Rxb8
Rg3+ 41. Kf2 Rxa3 42. Rb7+ Kd8 43. Nf7+ Ke8 44. Ng5 Ra2+ 45. Kf3 Ra3+ 46. Kf4
Ra4 47. Nxe6 Rxb4 48. Kxf5 Rb1 49. Rxa7 b5 50. Nc5 b4 51. Ke6 Kf8 52. Kd6 b3 53.
Kxc6 b2 54. Rb7 Ke8 55. d5 Kd8 56. d6 Ke8 57. e6 Kf8 58. Kd7 Rc1 59. Rxb2 Rxc5
60. e7+ 1-0

[Event "POLFINAL MISTRZOSTW POLSKI JUNIOROW 2017 - C15"]
[Site "Jastrzebia Gora"]
[Date "2017-11-19"]
[Round "4.7"]
[White "Zareba, Maciej"]
[Black "Kukorowski, Jan"]
[Result "0-1"]
[WhiteTitle "II+"]
[BlackTitle "I"]
[WhiteElo "1517"]
[BlackElo "1797"]

1. d4 e6 2. c4 f5 3. Nf3 Nf6 4. Nc3 d5 5. e3 c6 6. a3 Bd6 7. Bd3 O-O 8. b4 Ne4
9. Bb2 g5 10. Bxe4 fxe4 11. Nd2 Nd7 12. Qe2 Nf6 13. O-O-O Bd7 14. f3 a5 15. c5
axb4 16. axb4 exf3 17. gxf3 Be7 18. Rdg1 Kh8 19. h4 gxh4 20. Rxh4 Rg8 21. Rgh1
Rg7 22. R4h2 Be8 23. e4 Bg6 24. e5 Nd7 25. f4 b6 26. Nf3 bxc5 27. bxc5 Nb8 28.
Nh4 Bxh4 29. Rxh4 Na6 30. Rg4 Nb4 31. Kd2 Qf8 32. Nd1 Ra2 33. Kc3 Nd3 34. Qd2
Nxb2 35. Rxg6 Nd3 36. Qe2 Nxf4 0-1

[Event "POLFINAL MISTRZOSTW POLSKI JUNIOROW 2017 - C15"]
[Site "Jastrzebia Gora"]
[Date "2017-11-19"]
[Round "4.8"]
[White "Golecki, Jan"]
[Black "Dytman, Radoslaw"]
[Result "1-0"]
[WhiteTitle "I++"]
[BlackTitle "I"]
[WhiteElo "1796"]
[BlackElo "1708"]

1. d4 Nf6 2. Nc3 d5 3. Bg5 g6 4. Bxf6 exf6 5. g3 Bg7 6. Bg2 Be6 7. Nf3 Nd7 8. O-O
O-O 9. e4 Nb6 10. exd5 Nxd5 11. Ne4 c6 12. Rc1 f5 13. Nc5 b6 14. Nxe6 fxe6 15.
Re1 Qd6 16. c4 Nf6 17. Ng5 Ne4 18. Bxe4 fxe4 19. Rxe4 Bh6 20. h4 Bxg5 21. hxg5
Rf5 22. Qe2 Rxg5 23. Qe3 Rf5 24. Rxe6 Qd7 25. Re7 Qd6 26. Qe6+ Qxe6 27. Rxe6 Raf8
28. Rc2 c5 29. d5 R5f6 30. Rce2 Rxe6 31. Rxe6 Rf7 32. f4 Kf8 33. Kf2 Rd7 34. Kf3
Kf7 35. g4 Rc7 36. Ke4 Rd7 37. g5 Rd8 38. f5 gxf5+ 39. Kxf5 Rd7 40. Rf6+ Ke7 41.
Ke5 Rb7 42. d6+ Ke8 43. g6 hxg6 44. Rxg6 Rh7 45. Ke6 Rh8 46. Rg7 Rh6+ 47. Kd5
Rh2 48. Kc6 Rd2 49. Rxa7 Rxb2 50. Ra8+ Kf7 51. d7 1-0

[Event "POLFINAL MISTRZOSTW POLSKI JUNIOROW 2017 - C15"]
[Site "Jastrzebia Gora"]
[Date "2017-11-19"]
[Round "4.9"]
[White "Skowron, Mateusz"]
[Black "Kulesza, Andrzej"]
[Result "1/2-1/2"]
[WhiteTitle "I"]
[BlackTitle "I"]
[WhiteElo "1616"]
[BlackElo "1784"]

1. e4 c5 2. Nc3 Nc6 3. f4 g6 4. Nf3 Bg7 5. Bb5 Nd4 6. Bc4 e6 7. O-O Ne7 8. d3 d5
9. Bb5+ Nxb5 10. Nxb5 a6 11. Nc3 O-O 12. Qe1 b5 13. Ng5 h6 14. Nf3 Bb7 15. e5
Qd7 16. Qh4 b4 17. Na4 Qxa4 18. Qxe7 Qc6 19. Qh4 d4 20. Qg3 Qd7 21. Nh4 Qc7 22.
Bd2 Rae8 23. Rae1 Qc6 24. Rf2 Kh7 25. Rff1 a5 26. b3 Ra8 27. Ra1 a4 28. Rfc1 Ra6
29. Kf2 Rfa8 30. Rab1 axb3 31. axb3 Bf8 32. Nf3 R8a7 33. h4 h5 34. Ng5+ Kg7 35.
Qh3 1/2-1/2

[Event "POLFINAL MISTRZOSTW POLSKI JUNIOROW 2017 - C15"]
[Site "Jastrzebia Gora"]
[Date "2017-11-19"]
[Round "4.10"]
[White "Kukula, Karol"]
[Black "Kopec, Norbert"]
[Result "1/2-1/2"]
[WhiteTitle "I"]
[BlackTitle "II+"]
[WhiteElo "1778"]
[BlackElo "1706"]

1. e4 c5 2. Nf3 d6 3. d4 cxd4 4. Nxd4 Nf6 5. Nc3 g6 6. Be3 Bg7 7. f3 O-O 8. Qd2
Nc6 9. O-O-O Nxd4 10. Bxd4 Be6 11. Kb1 Qc7 12. Be2 Rfc8 13. g4 Qa5 14. Bxf6 Rxc3
15. Qxc3 Qxa2+ 16. Kc1 Bxf6 17. Qa3 Bg5+ 18. Rd2 Qxa3 19. bxa3 Rc8 20. Kd1 Bxd2
21. Kxd2 Bc4 22. Bxc4 Rxc4 23. Rb1 b6 24. Kd3 Rc5 25. c4 Kg7 26. Kd4 Kf6 27. h4
e5+ 28. Kd3 Ke6 29. Kc3 f5 30. gxf5+ gxf5 31. a4 Rc7 32. Rg1 Rf7 33. Rg5 fxe4
34. fxe4 Kd7 35. Rg8 a5 36. Rb8 Kc7 37. Ra8 Rf3+ 38. Kb2 h6 39. Rh8 Rf6 40. Kc3
Rf3+ 41. Kb2 Re3 42. Rxh6 Rxe4 43. Kb3 Re3+ 44. Kb2 Rh3 45. Rh8 Kc6 46. Rc8+ Kd7
47. Rh8 e4 48. h5 Ke7 49. h6 Kf6 50. h7 Kg7 51. Re8 Rxh7 52. Rxe4 Kf6 53. Re8
Rb7 54. Kc3 Kf7 55. Rh8 Ke6 56. Kd4 Kd7 57. Kd5 Rc7 58. Rh7+ Kc8 59. Rh6 Rc5+
60. Kd4 Kd7 61. Rg6 Rh5 62. Rg8 Rh3 63. Kd5 Rd3+ 64. Ke4 Ra3 65. Kd5 Rxa4 66.
Rg7+ Kc8 67. Rg4 b5 68. Rg8+ Kc7 69. cxb5 Rb4 70. Rg7+ Kb6 71. Kxd6 Rxb5 72. Rg8
Kb7 73. Rg7+ Kb6 74. Rg8 Rh5 75. Rb8+ Ka6 76. Kc6 1/2-1/2

[Event "POLFINAL MISTRZOSTW POLSKI JUNIOROW 2017 - C15"]
[Site "Jastrzebia Gora"]
[Date "2017-11-19"]
[Round "4.11"]
[White "Wierzbicki, Michal"]
[Black "Chaczynski, Kamil"]
[Result "1/2-1/2"]
[WhiteTitle "I"]
[BlackTitle "I"]
[WhiteElo "1894"]
[BlackElo "1649"]

1. d4 Nf6 2. Nf3 g6 3. c4 Bg7 4. Nc3 d5 5. Bg5 Ne4 6. cxd5 Nxg5 7. Nxg5 e6 8. Nf3
exd5 9. e3 O-O 10. Be2 c6 11. Qd2 Bf5 12. O-O Qd6 13. a3 Nd7 14. Nh4 Rfd8 15.
Nxf5 gxf5 16. Bd3 f4 17. exf4 c5 18. dxc5 Nxc5 19. Rad1 Rac8 20. Bf5 Bxc3 21.
Qxc3 Rc6 22. Qg3+ Kh8 23. Qh4 h6 24. Rfe1 d4 25. Re6 Qf8 26. Qf6+ Kg8 27. Rxc6
bxc6 28. Rxd4 Rxd4 29. Qxd4 Qe7 30. g3 Nb3 31. Qe3 Qb7 32. Qe8+ Kg7 33. Be4 Nd2
34. Bxc6 Qb3 35. Qe5+ Kg8 36. Qe8+ Kg7 37. Qe2 Qc2 38. Be4 Qxb2 39. Bd3 Qc1+ 40.
Kg2 Qc6+ 41. f3 Qc1 42. Qe5+ Kg8 43. Qe8+ Kg7 44. f5 Qb2 45. Qe2 a5 46. a4 Qc3
47. g4 Nb3 48. Qc2 Qb4 49. Qb2+ f6 50. h4 Nc5 51. Qe2 Nxd3 52. Qxd3 Qxa4 53. Qc3
Qa2+ 54. Kg3 a4 55. g5 Qf7 56. Qa1 hxg5 57. hxg5 Qc7+ 58. f4 Qc6 59. Qa3 Qd7 60.
Kg4 Qd1+ 61. Kh4 Qh1+ 62. Kg3 Qg1+ 63. Kf3 Qh1+ 64. Kg3 1/2-1/2

[Event "POLFINAL MISTRZOSTW POLSKI JUNIOROW 2017 - C15"]
[Site "Jastrzebia Gora"]
[Date "2017-11-19"]
[Round "4.12"]
[White "Kucharski, Bartlomiej"]
[Black "Gazda, Dominik"]
[Result "1-0"]
[WhiteTitle "I"]
[BlackTitle "II+"]
[WhiteElo "1946"]
[BlackElo "1512"]

1. e4 e5 2. f4 exf4 3. Nf3 Nf6 4. Nc3 Bb4 5. e5 Qe7 6. Be2 Bxc3 7. bxc3 Ne4 8.
O-O Nc6 9. Bd3 Qc5+ 10. Nd4 Nxd4 11. Bxe4 Nb3+ 12. d4 Qxc3 13. cxb3 Qxa1 14. Qd2
c5 15. Qxf4 O-O 16. Qh4 Qxd4+ 17. Kh1 h6 18. Bxh6 Qxe5 19. Bh7+ Kh8 20. Bc1 g5
21. Bxg5 1-0

[Event "POLFINAL MISTRZOSTW POLSKI JUNIOROW 2017 - C15"]
[Site "Jastrzebia Gora"]
[Date "2017-11-19"]
[Round "4.13"]
[White "Distel, Pawel"]
[Black "Rogala, Milosz"]
[Result "1/2-1/2"]
[WhiteTitle "II+"]
[BlackTitle "II"]
[WhiteElo "1573"]
[BlackElo "1750"]

1. e4 c6 2. d4 d5 3. Nc3 dxe4 4. Nxe4 Nd7 5. Ng5 Ngf6 6. Bd3 e6 7. N1f3 Bd6 8.
Qe2 h6 9. Ne4 Nxe4 10. Qxe4 Nf6 11. Qh4 b6 12. Bg5 Be7 13. Ne5 Bb7 14. O-O-O Qc7
15. Bd2 Bd6 16. f4 O-O-O 17. Nc4 c5 18. Nxd6+ Qxd6 19. dxc5 Qxc5 20. Bc3 Nd5 21.
Bd2 Ne3 22. Bxe3 Qxe3+ 23. Kb1 g5 24. fxg5 hxg5 25. Qc4+ Qc5 26. Qxc5+ bxc5 27.
b3 Kc7 28. Rhf1 f5 29. Rde1 Kd6 30. Rf2 Rxh2 31. Rfe2 Rh6 32. Bb5 Ke7 33. Bd3
Rf6 34. g3 f4 35. gxf4 gxf4 36. Be4 Bxe4 37. Rxe4 f3 38. Rf1 Rg8 39. Kb2 Rg2 40.
Re3 f2 41. Re2 Rf3 42. c3 Rf8 43. Kc2 Rf7 44. Kd2 Rf3 45. Re3 Rxe3 46. Kxe3 Rg3+
47. Kd2 e5 48. Rxf2 Rg7 1/2-1/2

[Event "POLFINAL MISTRZOSTW POLSKI JUNIOROW 2017 - C15"]
[Site "Jastrzebia Gora"]
[Date "2017-11-19"]
[Round "4.14"]
[White "Grochol, Kamil"]
[Black "Cisek, Kamil"]
[Result "1-0"]
[WhiteTitle "I"]
[BlackTitle "I"]
[WhiteElo "1739"]
[BlackElo "1562"]

1. d4 d5 2. c4 e6 3. Nc3 Nf6 4. Bg5 Be7 5. cxd5 exd5 6. e3 c6 7. Bd3 Be6 8. Qc2
Nbd7 9. Nge2 O-O 10. O-O Re8 11. f3 Nf8 12. Kh1 Ng6 13. e4 dxe4 14. fxe4 Rc8 15.
Bd2 Qc7 16. Nf4 Bg4 17. h3 Nh5 18. Nxh5 Bxh5 19. Rf5 Qg3 20. Be1 Qe3 21. Bf2 Qh6
22. Qc1 Qxc1+ 23. Rxc1 Nf4 24. Rxf4 Bg5 25. g3 Bxf4 26. gxf4 Rcd8 27. Kg2 f6 28.
Bc4+ Bf7 29. Bxf7+ Kxf7 30. Kf3 f5 31. e5 h6 32. h4 Re7 33. h5 Rc7 34. Na4 b6
35. b4 Rdd7 36. Nc3 Ke6 37. Rg1 Re7 38. b5 cxb5 39. d5+ Kf7 40. Nxb5 Rc2 41. Nd4
Rxa2 42. Nxf5 Re8 43. Nd6+ 1-0

[Event "POLFINAL MISTRZOSTW POLSKI JUNIOROW 2017 - C15"]
[Site "Jastrzebia Gora"]
[Date "2017-11-19"]
[Round "4.15"]
[White "Marciniak, Leonard"]
[Black "Sloniewski, Michal"]
[Result "0-1"]
[WhiteTitle "II"]
[BlackTitle "I"]
[WhiteElo "1420"]
[BlackElo "1694"]

1. d4 Nf6 2. Bg5 c5 3. e3 Qb6 4. b3 Ne4 5. Bf4 Qb4+ 6. Nd2 cxd4 7. exd4 Qxd4 8.
Nxe4 Qxe4+ 9. Be3 Nc6 10. c3 g6 11. Qd2 Bg7 12. Rd1 d6 13. Nf3 O-O 14. Bd3 Qg4
15. O-O b6 16. h3 Qd7 17. Rfe1 Bb7 18. Bh6 Rad8 19. Bxg7 Kxg7 20. Be4 Rfe8 21.
Ng5 e6 22. c4 d5 23. cxd5 exd5 24. Qc3+ d4 25. Qg3 h6 26. Nf3 Qd6 27. Bxc6 Rxe1+
28. Nxe1 Qxg3 29. fxg3 Bxc6 30. Kf2 Kf6 31. Nf3 Bxf3 32. gxf3 Ke6 33. Ke2 Kd5
34. Rc1 Re8+ 35. Kf2 d3 36. Re1 Rxe1 37. Kxe1 Kd4 38. Kd2 f6 39. a3 b5 40. h4
f5 41. g4 f4 42. g5 hxg5 43. hxg5 a5 44. a4 b4 0-1

[Event "POLFINAL MISTRZOSTW POLSKI JUNIOROW 2017 - C15"]
[Site "Jastrzebia Gora"]
[Date "2017-11-19"]
[Round "4.16"]
[White "Wilgosz, Jan"]
[Black "Golinski, Kacper"]
[Result "0-1"]
[WhiteTitle "II"]
[BlackTitle "II+"]
[WhiteElo "1144"]
[BlackElo "1633"]

1. e4 e5 2. Nf3 Nf6 3. Nxe5 d6 4. Nf3 Nxe4 5. Nc3 Nxc3 6. dxc3 Nc6 7. Be3 Be7 8.
Qd2 Be6 9. O-O-O Qd7 10. Bb5 a6 11. Ba4 b5 12. Bb3 Bxb3 13. cxb3 O-O 14. Bg5 a5
15. h4 b4 16. h5 Rfb8 17. h6 g6 18. Rhe1 Bf8 19. Nd4 Re8 20. Rxe8 Rxe8 21. Bf6
Nxd4 22. Qxd4 c5 23. Qd2 Qf5 24. Bg7 Bxg7 25. hxg7 Qf6 26. Re1 Rxe1+ 27. Qxe1
Kxg7 28. Qe3 Qe5 29. Qd2 h5 30. g3 g5 31. cxb4 axb4 32. Qd1 Kg6 33. a4 bxa3 34.
bxa3 Qa1+ 35. Kc2 Qxd1+ 36. Kxd1 Kf6 37. Ke2 Ke6 38. Kd3 d5 39. Ke3 d4+ 40. Ke4
h4 41. gxh4 gxh4 42. a4 h3 43. Kf3 d3 44. a5 Kd7 45. a6 Kc7 46. a7 Kb7 47. a8=Q+
Kxa8 48. b4 cxb4 49. Ke3 h2 50. Kxd3 h1=Q 0-1

[Event "POLFINAL MISTRZOSTW POLSKI JUNIOROW 2017 - C15"]
[Site "Jastrzebia Gora"]
[Date "2017-11-19"]
[Round "4.17"]
[White "Sapinski, Sebastian"]
[Black "Lendzion, Kamil"]
[Result "0-1"]
[WhiteTitle "II"]
[BlackTitle "II"]
[WhiteElo "1361"]
[BlackElo "1687"]

1. d4 d5 2. e3 Nf6 3. Nf3 c5 4. c3 e6 5. Bd3 Bd6 6. Nbd2 Nc6 7. Qe2 O-O 8. O-O
e5 9. dxc5 Bxc5 10. e4 d4 11. cxd4 Bxd4 12. Nb3 Bg4 13. Bb5 Qb6 14. Bxc6 bxc6
15. Qd3 c5 16. h3 Be6 17. Nbxd4 exd4 18. b3 Bd7 19. Re1 Bb5 20. Qd2 Rfe8 21. e5
Nd5 22. Bb2 d3 23. Rac1 Rac8 24. Re4 Rc6 25. e6 Rcxe6 26. Qg5 Nf6 27. Rxe6 Qxe6
28. Qxc5 Qb6 29. Qg5 h6 30. Qf5 Ba6 31. Bd4 Qe6 32. Qxe6 Rxe6 33. Be3 Nd5 34.
Bd2 Bb7 35. Re1 Ra6 36. a4 Rb6 37. Rb1 Nb4 38. Ne1 Be4 39. f3 Bg6 40. f4 Be4 41.
Kf2 Nc2 42. Nf3 Na3 43. Rb2 Nc4 44. bxc4 Rxb2 45. Ke3 f5 46. Nd4 Rb1 47. g4 g6
48. gxf5 gxf5 49. c5 Kf7 50. c6 Ke7 51. c7 Kd7 52. Nb5 a6 53. c8=Q+ Kxc8 54. Nd6+
Kd7 55. Nxe4 fxe4 56. Kxe4 Rh1 57. Kxd3 Rxh3+ 58. Ke4 Ke6 0-1

[Event "POLFINAL MISTRZOSTW POLSKI JUNIOROW 2017 - C15"]
[Site "Jastrzebia Gora"]
[Date "2017-11-19"]
[Round "4.18"]
[White "Sandomierski, Cyprian"]
[Black "Markiewicz, Krzysztof"]
[Result "0-1"]
[WhiteTitle "II"]
[BlackTitle "II"]
[WhiteElo "1257"]
[BlackElo "1566"]

1. d4 b5 2. Bf4 Bb7 3. Nf3 Nf6 4. e3 a6 5. Bd3 e6 6. c3 Be7 7. Nbd2 O-O 8. Qc2
c5 9. b3 d5 10. O-O Nbd7 11. c4 Qb6 12. Rab1 b4 13. h3 Rfc8 14. Rfc1 h6 15. Kf1
a5 16. Ra1 Ba6 17. Qb2 Bb7 18. Qc2 Qa7 19. Ke2 Ba6 20. Qb2 Bb7 21. Qc2 dxc4 22.
bxc4 Ba6 23. Nb3 Bb7 24. Nbd2 Bxf3+ 25. Nxf3 a4 26. a3 b3 27. Qb2 Qb7 28. g3 Nh5
29. Rg1 Nxf4+ 30. exf4 Bf6 31. Qb1 cxd4 32. Qb2 Nc5 33. Ne5 Bxe5 34. fxe5 Nxd3
0-1

[Event "POLFINAL MISTRZOSTW POLSKI JUNIOROW 2017 - C15"]
[Site "Jastrzebia Gora"]
[Date "2017-11-19"]
[Round "4.19"]
[White "Kinczewski, Franciszek"]
[Black "Zurawicki, Jakub"]
[Result "1/2-1/2"]
[WhiteTitle "II"]
[BlackTitle "II+"]
[WhiteElo "1448"]
[BlackElo "1541"]

1. e4 e6 2. d4 d5 3. exd5 exd5 4. c3 Nf6 5. Bd3 Bd6 6. Be3 O-O 7. Qc2 Re8 8. Nd2
Bf4 9. O-O-O Bxe3 10. fxe3 Rxe3 11. Ngf3 Nc6 12. Rde1 Rxe1+ 13. Rxe1 h6 14. Ne5
Nxe5 15. Rxe5 Be6 16. Nf3 Qd6 17. Qb3 b6 18. h3 Ne4 19. Qc2 Nf6 20. Bf5 Bxf5 21.
Qxf5 c6 22. Qf4 Rd8 23. Nh4 Qb8 24. Nf5 Nd7 25. Ne7+ Kh8 26. Nxc6 Nxe5 27. dxe5
Qc7 28. Nxd8 Qxd8 29. Kc2 Qd7 30. g4 Kg8 31. b3 Qe7 32. Qf5 Qa3 33. Qc8+ Kh7 34.
Qf5+ Kg8 1/2-1/2

[Event "POLFINAL MISTRZOSTW POLSKI JUNIOROW 2017 - C15"]
[Site "Jastrzebia Gora"]
[Date "2017-11-19"]
[Round "4.20"]
[White "Socha, Kamil"]
[Black "Ugrewicz, Ludwik"]
[Result "1/2-1/2"]
[WhiteTitle "II"]
[BlackTitle "II"]
[WhiteElo "1526"]
[BlackElo "1429"]

1. e4 e5 2. Nf3 Nc6 3. Bc4 Nf6 4. d3 Bc5 5. O-O d6 6. c3 a6 7. Bb3 Ba7 8. h3 h6
9. Be3 Bxe3 10. fxe3 Be6 11. Bxe6 fxe6 12. Nbd2 Qd7 13. d4 O-O-O 14. Qc2 Qe7 15.
b4 exd4 16. exd4 g5 17. a4 Na7 18. Rfb1 g4 19. hxg4 Rhg8 20. b5 a5 21. b6 Nc6
22. g5 hxg5 23. Qb3 d5 24. bxc7 Qxc7 25. e5 Ng4 26. c4 Qh7 27. cxd5 Rh8 28. Kf1
Qh1+ 29. Ng1 Nh2+ 30. Kf2 Ng4+ 31. Kf1 Nh2+ 1/2-1/2

[Event "POLFINAL MISTRZOSTW POLSKI JUNIOROW 2017 - C15"]
[Site "Jastrzebia Gora"]
[Date "2017-11-19"]
[Round "4.21"]
[White "Brzozowski, Pawel"]
[Black "Jankowski, Igor"]
[Result "1-0"]
[WhiteTitle "II+"]
[BlackTitle "II"]
[WhiteElo "1521"]
[BlackElo "1409"]

1. e4 c5 2. Nf3 Nc6 3. d4 cxd4 4. Nxd4 Nf6 5. Nc3 e5 6. Ndb5 d6 7. Nd5 Nxd5 8.
exd5 Nb8 9. a4 Be7 10. a5 a6 11. Nc3 Bf5 12. Bd3 Bg6 13. Be3 Nd7 14. O-O f5 15.
f3 O-O 16. Qd2 f4 17. Bf2 Bxd3 18. Qxd3 Rf6 19. Ne4 Rg6 20. g4 Bh4 21. Qd2 Rc8
22. b4 Bxf2+ 23. Qxf2 Nf6 24. Nxf6+ gxf6 25. Kh1 Qc7 26. Rfe1 Qc4 27. Qd2 Kh8
28. c3 Rcg8 29. Rg1 Qc8 30. Qd3 R8g7 31. c4 Qg8 32. Qf5 h5 33. Qxh5+ Rh7 34. Qf5
Rh3 35. Raf1 Qh7 36. Rg2 Qg7 37. g5 Rh5 38. gxf6 Rxf5 39. fxg7+ Kxg7 40. Rfg1
Rxg2 41. Rxg2+ Kf6 42. Rg8 Kf7 43. Rb8 Rg5 44. Rxb7+ Kg8 45. b5 e4 46. bxa6 exf3
47. a7 Kh8 48. a8=Q+ Rg8 49. Rb8 f2 50. Rxg8+ Kh7 51. Rh8+ Kg6 52. Qe8+ Kf5 53.
Rf8+ Kg4 54. Qe2+ f3 55. Qxf2 1-0

[Event "POLFINAL MISTRZOSTW POLSKI JUNIOROW 2017 - C15"]
[Site "Jastrzebia Gora"]
[Date "2017-11-19"]
[Round "4.22"]
[White "Seredyn, Dominik"]
[Black "Kutylo, Konrad"]
[Result "1-0"]
[WhiteTitle "II"]
[BlackTitle "II"]
[WhiteElo "1472"]
[BlackElo "1405"]

1. e4 e6 2. d4 d5 3. Nd2 c5 4. exd5 Qxd5 5. Ngf3 cxd4 6. Bc4 Qc6 7. O-O a6 8. Nxd4
Qc7 9. Qe2 Nf6 10. f4 Bc5 11. N2b3 O-O 12. Nxc5 Qxc5 13. Be3 Qc7 14. f5 b5 15.
Bb3 e5 16. Nf3 Bxf5 17. Ng5 Bg6 18. Rxf6 gxf6 19. Qf3 Nc6 20. Qxf6 Qe7 21. Qxc6
Kg7 22. Qf3 h6 23. Ne4 f5 24. Nc5 Kh7 25. Ne6 Rfc8 26. Qd5 Bf7 27. Qxe5 Bxe6 28.
Bxe6 Re8 29. Qxf5+ 1-0

[Event "POLFINAL MISTRZOSTW POLSKI JUNIOROW 2017 - C15"]
[Site "Jastrzebia Gora"]
[Date "2017-11-19"]
[Round "4.24"]
[White "Lesniak, Kacper"]
[Black "Zlotek, Mikolaj"]
[Result "0-1"]
[WhiteTitle "II"]
[BlackTitle "II"]
[WhiteElo "1350"]
[BlackElo "1463"]

1. e4 e6 2. Nc3 d5 3. exd5 exd5 4. Nf3 Nf6 5. d4 c6 6. Be2 Bd6 7. O-O O-O 8. Bg5
Bg4 9. Ne5 Bxe2 10. Nxe2 Re8 11. f4 Nbd7 12. Ng3 Qc7 13. Nh5 Be7 14. Bxf6 Nxf6
15. Ng3 Bd6 16. Qf3 Re6 17. Nf5 Ne4 18. Qg4 f6 19. Nd3 Rae8 20. Rfe1 b6 21. h4
Kh8 22. Ne3 Nd2 23. Nf5 Rxe1+ 24. Rxe1 Rxe1+ 25. Nxe1 Bxf4 26. h5 Bg5 27. Ne7
Ne4 28. Qe6 Be3+ 29. Kh1 Ng3+ 30. Kh2 Nf1+ 31. Kh3 Qg3# 0-1

[Event "POLFINAL MISTRZOSTW POLSKI JUNIOROW 2017 - C15"]
[Site "Jastrzebia Gora"]
[Date "2017-11-19"]
[Round "4.25"]
[White "Jaszczuk, Mateusz"]
[Black "Stefanski, Adam"]
[Result "1/2-1/2"]
[WhiteTitle "II+"]
[BlackTitle "II+"]
[WhiteElo "1389"]
[BlackElo "1370"]

1. c4 e5 2. Nc3 Nf6 3. Nf3 Nc6 4. g3 Bb4 5. a3 Bxc3 6. dxc3 d6 7. Bg5 h6 8. Bxf6
Qxf6 9. Bg2 O-O 10. Nd2 Bd7 11. O-O Qe7 12. e4 f5 13. exf5 Rxf5 14. b4 Rb8 15.
a4 b6 16. Bd5+ Kh8 17. Qc2 Rbf8 18. a5 Nd8 19. axb6 axb6 20. b5 Be6 21. Ra7 R5f6
22. Bxe6 Nxe6 23. Ne4 R6f7 24. Rfa1 Ng5 25. Nxg5 Qxg5 26. Ra8 Qf5 27. Rxf8+ Rxf8
28. Qxf5 Rxf5 29. Ra7 Rf7 30. Kf1 Kg8 31. Ke2 Rd7 32. Kd3 Kf7 33. Ke4 Ke6 34.
f4 exf4 35. gxf4 g6 36. Ra8 Rg7 37. Re8+ Kd7 38. Rh8 h5 39. Rh6 Re7+ 40. Kf3 Re6
41. Rh7+ Kd8 1/2-1/2

[Event "POLFINAL MISTRZOSTW POLSKI JUNIOROW 2017 - C15"]
[Site "Jastrzebia Gora"]
[Date "2017-11-19"]
[Round "5.1"]
[White "Ossolinski, Ziemowit"]
[Black "Warchol, Bartosz"]
[Result "1-0"]
[WhiteTitle "I"]
[BlackTitle "I++"]
[WhiteElo "1865"]
[BlackElo "1963"]

1. e4 c5 2. Nf3 d6 3. d4 cxd4 4. Nxd4 Nf6 5. f3 e5 6. Nb3 a5 7. a4 Be6 8. Bb5+
Nc6 9. c4 Be7 10. Nc3 O-O 11. Be3 Nd7 12. O-O Nc5 13. Nd5 Bxd5 14. cxd5 Nxb3 15.
Qxb3 Nd4 16. Bxd4 exd4 17. Bd3 Rc8 18. Rae1 Qc7 19. f4 Bf6 20. Rf2 Rfe8 21. Rc2
Qb8 22. Rce2 g6 23. Qb6 Qc7 24. Qb3 Bg7 25. Rc2 Qb8 26. Rec1 Rc5 27. Rxc5 dxc5
28. e5 b6 29. Bb5 Rf8 30. g3 Qd8 31. Re1 Qe7 32. d6 Qb7 33. Bc4 Rd8 34. Bd5 Qa7
35. Bxf7+ Qxf7 36. e6 Qe8 37. e7+ Kh8 38. exd8=R Qxd8 39. Qf7 Qxd6 40. Re8+ 1-0

[Event "POLFINAL MISTRZOSTW POLSKI JUNIOROW 2017 - C15"]
[Site "Jastrzebia Gora"]
[Date "2017-11-19"]
[Round "5.2"]
[White "Iwanczuk, Krzysztof"]
[Black "Piekielny, Pawel"]
[Result "1-0"]
[WhiteTitle "II"]
[BlackTitle "I"]
[WhiteElo "1408"]
[BlackElo "1805"]

1. d4 Nf6 2. Bf4 e6 3. Nf3 c5 4. e3 Nc6 5. c3 d5 6. Nbd2 Bd6 7. Bg3 O-O 8. Bd3
Qe7 9. Ne5 Bxe5 10. dxe5 Nd7 11. f4 f6 12. Nf3 fxe5 13. fxe5 g6 14. O-O Qg7 15.
e4 d4 16. cxd4 cxd4 17. Qa4 Nb6 18. Qa3 Bd7 19. Rac1 g5 20. Bb5 h5 21. Bxc6 bxc6
22. Rfe1 h4 23. Bf2 g4 24. Nxh4 Rxf2 25. Kxf2 Qxe5 26. g3 Qg5 27. Rc2 Nc4 28.
Rxc4 Qd2+ 29. Re2 Qd1 30. Qb3 Rf8+ 31. Nf5 Qxb3 32. axb3 exf5 33. Rxd4 fxe4+ 34.
Ke3 Bf5 35. Rc2 Rb8 36. b4 Rb6 37. Rc5 Bg6 38. Rg5 Kh7 39. Rxg4 c5 40. Rd7+ Kh6
41. bxc5 Rb3+ 42. Kf4 Rf3+ 43. Ke5 e3 44. Rd6 Rf5+ 45. Kd4 e2 46. Rgxg6+ Kh5 47.
Rge6 Kg4 48. Rxe2 a5 49. Re4+ Kh3 50. Rh6+ Kg2 51. g4 Rf2 52. Re3 a4 53. Rhe6
Rf8 54. Rc3 a3 55. bxa3 Rd8+ 56. Kc4 Rd7 57. Re2+ Kf1 58. Rb2 Rd1 59. h4 1-0

[Event "POLFINAL MISTRZOSTW POLSKI JUNIOROW 2017 - C15"]
[Site "Jastrzebia Gora"]
[Date "2017-11-19"]
[Round "5.3"]
[White "Dzwierzynski, Bartosz"]
[Black "Golecki, Jan"]
[Result "1/2-1/2"]
[WhiteTitle "I"]
[BlackTitle "I++"]
[WhiteElo "1851"]
[BlackElo "1796"]

1. d4 d5 2. c4 e6 3. Nc3 Nf6 4. cxd5 exd5 5. Bg5 c6 6. e3 Bf5 7. Qf3 Bg6 8. Bxf6
Qxf6 9. Qxf6 gxf6 10. Nf3 Nd7 11. a3 Nb6 12. Kd2 Nc8 13. Bd3 Nd6 14. Nh4 Bxd3
15. Kxd3 f5 16. g3 Bg7 17. Ng2 h5 18. h4 Bh6 19. Nf4 Bxf4 20. gxf4 f6 21. Rhg1
Kf7 22. Rg2 Rhg8 23. Rag1 Rg4 24. f3 Rxg2 25. Rxg2 Re8 26. b3 b6 27. a4 Rd8 28.
a5 bxa5 29. Na4 Rb8 30. Nc5 Rb5 31. Kc3 Nb7 32. Nd3 Nd6 33. Ra2 Nc8 34. Nc5 1/2-1/2

[Event "POLFINAL MISTRZOSTW POLSKI JUNIOROW 2017 - C15"]
[Site "Jastrzebia Gora"]
[Date "2017-11-19"]
[Round "5.4"]
[White "Kukorowski, Jan"]
[Black "Zolkiewski, Jakub"]
[Result "1-0"]
[WhiteTitle "I"]
[BlackTitle "I"]
[WhiteElo "1797"]
[BlackElo "1774"]

1. e4 e6 2. d4 d5 3. Nc3 Bb4 4. e5 c5 5. a3 Bxc3+ 6. bxc3 Qc7 7. Nf3 Nc6 8. Bd3
Nge7 9. a4 cxd4 10. cxd4 Nb4 11. O-O Nxd3 12. Qxd3 h6 13. Ba3 O-O 14. a5 Re8 15.
Bc5 Bd7 16. Ra3 Bc6 17. Qd2 b6 18. Bd6 Qd7 19. Nh4 bxa5 20. Rg3 Kh8 21. Qxa5 Bb5
22. Rb1 a6 23. Qd2 Rac8 24. Qf4 Nf5 25. Nxf5 exf5 26. Bc5 Rb8 27. h4 Qe6 28. Rgb3
Rbc8 29. Rf3 Rb8 30. Qxf5 Bd3 31. Qxd3 Rxb1+ 32. Kh2 Rb5 33. Rg3 Reb8 34. f4 f5
35. h5 Qf7 36. Rg6 Re8 37. Qf3 a5 38. Rd6 Rb2 39. Rxd5 Rxc2 40. Rd6 a4 41. Ra6
Qb3 42. Qc6 Qc4 43. Qf3 Qb3 44. Qc6 Qf7 45. Qg6 Qxg6 46. hxg6 Ra2 47. e6 Kg8 48.
e7 Re2 49. d5 Rc2 50. Ba3 Rc3 51. d6 Rd3 52. Ra7 Rxa3 53. d7 Rxe7 54. d8=Q+ 1-0

[Event "POLFINAL MISTRZOSTW POLSKI JUNIOROW 2017 - C15"]
[Site "Jastrzebia Gora"]
[Date "2017-11-19"]
[Round "5.5"]
[White "Posluszny, Tomasz"]
[Black "Kukula, Karol"]
[Result "1-0"]
[WhiteTitle "I"]
[BlackTitle "I"]
[WhiteElo "1655"]
[BlackElo "1778"]

1. d4 Nf6 2. c4 e6 3. g3 c5 4. d5 exd5 5. cxd5 b5 6. Bg2 Bb7 7. e4 d6 8. b3 g6
9. Bb2 Bg7 10. Ne2 O-O 11. Nd2 Nbd7 12. Rc1 Nb6 13. O-O Rc8 14. Re1 Nh5 15. Bxg7
Kxg7 16. g4 Nf6 17. Ng3 Nfd7 18. f4 f6 19. Bf1 a6 20. Bd3 Re8 21. Qf3 c4 22. bxc4
bxc4 23. Nxc4 Nxc4 24. Bxc4 Rc5 25. Ne2 Qb6 26. Kg2 Rec8 27. Bb3 Rxc1 28. Rxc1
Rxc1 29. Nxc1 Nc5 30. g5 Qd8 31. h4 Qe7 32. Bc2 Bc8 33. Nb3 Nxb3 34. axb3 f5 35.
Qc3+ 1-0

[Event "POLFINAL MISTRZOSTW POLSKI JUNIOROW 2017 - C15"]
[Site "Jastrzebia Gora"]
[Date "2017-11-19"]
[Round "5.6"]
[White "Galuszka, Tomasz"]
[Black "Pelka, Michal"]
[Result "1/2-1/2"]
[WhiteTitle "I"]
[BlackTitle "I"]
[WhiteElo "1976"]
[BlackElo "1693"]

1. e4 c5 2. Nf3 g6 3. c4 Nc6 4. d4 cxd4 5. Nxd4 Bg7 6. Be3 Nf6 7. Nc3 Ng4 8. Qxg4
Nxd4 9. Qd1 Ne6 10. Be2 b6 11. O-O Bb7 12. f3 O-O 13. Rc1 d6 14. b3 Bc6 15. Nd5
f5 16. exf5 gxf5 17. Qd2 Rf7 18. b4 Nf8 19. Bg5 Qd7 20. Rfd1 e5 21. f4 e4 22.
Bh5 Ng6 23. b5 Bb7 24. Ne3 Bf8 25. Rf1 Qc7 26. Kh1 Qc5 27. Qe2 Be7 28. Bxe7 Rxe7
29. Rcd1 Rg7 30. g3 Ne7 31. Qd2 1/2-1/2